Zámek a klíč. Kniha čtvrtá, Klíče království /

Hlavní autor: Hill, Joe, 1971-
Další autoři: Rodriguez, Gabriel, Kantůrek, Jan, 1948-2018
Jazyk: Čeština
Vydáno: Praha : Martin Trojan - 3-JAN, [2017]
Vydání: Druhé české vydání
Témata:
Fyzický popis: 160 nečíslovaných stran : ilustrace (převážně barevné) ; 24 cm
Knihy
Uloženo v:
LEADER 02001cam a2200541 i 4500
001 nkc20172944593
003 CZ PrNK
005 20260319084824.0
007 ta
008 170831t20172017xr a g 6 000 1 cze d
015 |a cnb002944593 
020 |a 978-80-88152-30-9  |q (vázáno) 
035 |a (OCoLC)1028201899 
040 |a KMG001  |b cze  |d LIA001  |d OLA001  |e rda 
041 1 |a cze  |h eng 
072 7 |a 741.52  |x Komiksy. Komiksové adaptace  |2 Konspekt  |9 21 
080 |a 741.52(0:82-322.9)  |2 MRF 
080 |a 741.52(0:82-322.4)  |2 MRF 
100 1 |a Hill, Joe,  |d 1971-  |7 xx0067929  |4 aut 
240 1 0 |a Keys to the kingdom.  |l Česky 
245 1 0 |a Zámek a klíč.  |n Kniha čtvrtá,  |p Klíče království /  |c scénář Joe Hill ; kresba Gabriel Rodriguez ; překlad: Jan Kantůrek 
246 3 0 |a Klíče království 
250 |a Druhé české vydání 
264 1 |a Praha :  |b Martin Trojan - 3-JAN,  |c [2017] 
264 4 |c ©2017 
300 |a 160 nečíslovaných stran :  |b ilustrace (převážně barevné) ;  |c 24 cm 
336 |a text  |b txt  |2 rdacontent 
336 |a statický obraz  |b sti  |2 rdacontent 
337 |a bez média  |b n  |2 rdamedia 
338 |a svazek  |b nc  |2 rdacarrier 
500 |a Přeloženo z angličtiny 
500 |a Na rubu titulní stránky: Comics Centrum 
521 8 |a Pro čtenáře od 15 let (kniha obsahuje násilné, sexuální a hororové scény) 
655 7 |a fantasy komiksy  |7 fd1057473  |2 czenas 
655 7 |a horory (komiksy)  |7 fd1057476  |2 czenas 
655 9 |a fantasy comics  |2 eczenas 
655 9 |a horror comics  |2 eczenas 
700 1 |a Rodriguez, Gabriel  |7 ola2011642200  |4 ill 
700 1 |a Kantůrek, Jan,  |d 1948-2018  |7 jn20010310357  |4 trl 
787 0 8 |i Z cyklu:  |t Zámek a klíč  |g 4 
910 2 |a BOA001  |b 2-1379.710,4 
920 |a 0620965  |z LIA001 
928 9 |a 3-JAN 
928 9 |a Comics Centrum 
990 |a BK 
995 |a 01 
991 |b 201801  |c NOV 
996 6 |b 2610730346  |c 2-1379.710,4  |l MZK  |r Sklad / do 1 hodiny  |n 7  |p p.v.  |w 001645936  |u 000010  |a 1  |e BOA001  |j MZK50  |s P